Air delivery and arrestance tests of a "Puritron" air cleaner, model F-20 : manufactured by Michael Electric Company New Haven, Connecticut /

Bibliographic Details
Main Author: Coblentz, Carl W.
Corporate Author: United States. National Bureau of Standards
Other Authors: Achenbach, Paul R.
Format: Government Document Book
Language:English
Published: Gaithersburg, MD : U.S. Dept. of Commerce, National Institute of Standards and Technology, 1960.
Series:NBS report ; 6673.
Subjects:
Online Access:https://purl.fdlp.gov/GPO/gpo98800

MARC

Tag First Indicator Second Indicator Subfields
LEADER 00000cam a2200000Ia 4500
001 in00004062113
005 20211120102253.0
008 160829s1960 mdu ob f000 0 eng d
024 8 |a GOVPUB-C13-664428f8596f5472ee1aac63dc998171 
035 |a (OCoLC)ocn957470458 
040 |a NBS  |b eng  |e rda  |c NBS  |d OCLCO  |d OCLCF  |d OCLCQ  |d MvI 
049 |a WWW 
074 |a 9999 (online) 
086 0 |a C 13.38:6673 
100 1 |a Coblentz, Carl W. 
245 1 0 |a Air delivery and arrestance tests of a "Puritron" air cleaner, model F-20 :  |b manufactured by Michael Electric Company New Haven, Connecticut /  |c Carl W. Coblentz, Paul R. Achenbach. 
264 1 |a Gaithersburg, MD :  |b U.S. Dept. of Commerce, National Institute of Standards and Technology,  |c 1960. 
300 |a 1 online resource. 
336 |a text  |b txt  |2 rdacontent 
337 |a computer  |b c  |2 rdamedia 
338 |a online resource  |b cr  |2 rdacarrier 
490 1 |a NBS report ;  |v 6673 
500 |a 1960. 
500 |a Contributed record: Metadata reviewed, not verified. Some fields updated by batch processes. 
500 |a Title from PDF title page. 
504 |a Includes bibliographical references. 
650 0 |a Air filters  |x Testing. 
650 7 |a Air filters  |x Testing.  |2 fast  |0 (OCoLC)fst00802369 
700 1 |a Achenbach, Paul R. 
700 1 |a Coblentz, Carl W. 
710 1 |a United States.  |b National Bureau of Standards. 
830 0 |a NBS report ;  |v 6673. 
856 4 0 |u https://purl.fdlp.gov/GPO/gpo98800  |t 0 
999 f f |s 2f534ded-2d81-3e9e-9677-02d42cff339a  |i 686ff421-bbd3-3063-ba37-70c4eed6c0b5  |t 0 
952 f f |a Texas A&M University  |b College Station  |c Electronic Resources  |d Available Online  |t 0  |e C 13.38:6673  |h Superintendent of Documents classification 
998 f f |a C 13.38:6673  |t 0  |l Available Online